000 01055cam a2200349 a 4500
001 5767
003 FISKH
005 20250121113008.0
008 940923s1995 nyua j 000 1 eng
010 _a 94038908
020 _a0590221965 :
020 _a078073003990
040 _aDLC
_cDLC
_dDLC
_beng
050 _aPZ7.H4315
082 _a156
100 1 _aHerman, Gail,
_d1959-
245 1 0 _aMy dog talks /
_cby Gail Herman ; illustrated by Ron Fritz.
260 _aNew York :
_bScholastic,
_c1995.
300 _a28 unnumbered pages :
_bcolor illustrator ;
_c23 cm
440 0 _aHello reader!
_nLevel 1
500 _a"Cartwheel Books."
505 _aE
520 _aA young boy describes how his new dog Sam talks to him, how they play together, and what pals they are.
521 8 _a290
_bLexile
521 8 _aE
_bRaz-Plus
650 1 _aDogs
_xFiction.
650 1 _aPets
_xFiction.
700 1 _aFritz, Ronald,
_eillustrator
906 _a7
_bcbc
_corignew
_d1
_eocip
_f19
_gy-gencatlg
942 _2ddc
_cBK
_n0
999 _c5767
_d5767